000 00579nam a2200157 4500
999 _c15807
_d15807
008 201127b ||||| |||| 00| 0 eng d
022 _a0730-3084
082 _aDPer 613.705 J863 Sept 2015-Apr 2016 v. 86-87
100 _a
_942636
245 _aAre preservice physical educators prepared to teach in an inclusive environment/
_b
_cEdited by Vicki Ebbeck.
260 _aPhiladelphia:
_bShape America-Society of Health and Physical Educators,
_c©Sept 2015-Apr 2016.
300 _av87, n4, page 58;
_c28 cm.
500 _aJOPERD
650 _aTeaching
_942637
942 _2ddc
_cPER